000 00386nam a2200133Ia 4500
005 20251222143207.0
008 251222s9999||||xx |||||||||||||| ||spa||
020 _a978-9972-57-268-5
082 _a338.644/P78
100 _aPortocarrero Suárez, Felipe
245 0 _aGrandes Fortunas en el Perú:1916-1960
264 _bCentro de Investigación Universidad del Pacífico
942 _cLIB
999 _c13295
_d13295